000 nam a22 7a 4500
999 _c10865
_d10865
008 180306b ||||| |||| 00| 0 eng d
100 _aSingh,S.etal.
_9951
245 _aLoving our Environment-V
260 _aNew Delhi
_bAvichal